000 00340nam a22001457a 4500
008 230912b ||||| |||| 00| 0 eng d
020 _a0080169864
041 _aeng
080 _2VOLUME 51
_a521
082 _a521BAT
100 _a19
101 _aASTRO
245 _aBINARY AND MULTIPLE SYSTEMS OF STARS
_cBATTEN .H.A
942 _2udc
_cBK
999 _c60330
_d60330